[Event "Olympiad-44"]
[Site "Chennai"]
[Date "2022.07.31"]
[Round "3.3"]
[White "Choukri, Adel"]
[Black "Parsons, Justin"]
[Result "1-0"]
[WhiteElo "2306"]
[BlackElo "1749"]
[PlyCount "93"]
[EventDate "2022.07.29"]
[EventType "team-swiss"]
[EventRounds "11"]
[EventCountry "IND"]
[SourceTitle "CBM 210"]
[Source "ChessBase"]
[SourceDate "2022.10.31"]
[SourceVersion "1"]
[SourceVersionDate "2022.10.31"]
[SourceQuality "1"]
[WhiteTeam "Morocco"]
[BlackTeam "Barbados"]
[WhiteTeamCountry "MAR"]
[BlackTeamCountry "BAR"]

1. Nf3 d5 2. c4 e6 3. g3 Nf6 4. Bg2 Be7 5. b3 0-0 6. 0-0 b6 7. e3 Bb7 8. Qe2 c5 9. Bb2 Nbd7 10. d4 Qc7 11. cxd5 Nxd5 12. Rc1 Qb8 13. e4 Nb4 14. Nc3 cxd4 15. Nxd4 Nc5 16. Rd1 Rd8 17. a3 Nc6 18. Nd5 Bf8 19. Nxc6 Bxc6 20. Nf6+ gxf6 21. Bxf6 Rxd1+ 22. Rxd1 Bg7 23. Qg4 Qf8 24. b4 Nd7 25. e5 Bxg2 26. Kxg2 Nxe5 27. Bxe5 Kh8 28. Bxg7+ Qxg7 29. Qf3 Rf8 30. b5 Qe5 31. a4 Kg7 32. Rd7 Qb8 33. Rb7 Qd8 34. Rxa7 Qd4 35. Qc6 Qd5+ 36. Qxd5 exd5 37. Kf3 Kf6 38. Rb7 Rc8 39. Ke3 Ke5 40. f4+ Ke6 41. Rxb6+ Ke7 42. a5 Rc4 43. a6 Ra4 44. Rb7+ Ke6 45. a7 Kd6 46. Rb6+ Kc5 47. Ra6 1-0

[Event "Las Americas Team op U2400 Hybrid 2nd"]
[Site "Internet"]
[Date "2022.06.25"]
[Round "2.1"]
[White "Echeto Hernandez, Moises"]
[Black "Parsons, Justin"]
[Result "1-0"]
[WhiteElo "1813"]
[BlackElo "1749"]
[PlyCount "73"]
[EventDate "2022.06.25"]
[EventType "team-tourn"]
[EventRounds "5"]
[EventCountry "VEN"]
[SourceTitle "EXT 2024"]
[Source "ChessBase"]
[SourceDate "2023.10.10"]
[SourceVersion "1"]
[SourceVersionDate "2023.10.10"]
[SourceQuality "1"]
[WhiteTeam "Miranda UAH"]
[BlackTeam "Barbados"]
[WhiteTeamCountry "VEN"]
[BlackTeamCountry "BAR"]

1. e4 c5 2. Nf3 d6 3. Bb5+ Bd7 4. Bxd7+ Nxd7 5. 0-0 e6 6. c3 Ngf6 7. Qe2 Be7 8. d4 0-0 9. Rd1 Qc7 10. Bf4 Rfd8 11. Nbd2 Nf8 12. e5 Nd5 13. Bg3 cxd4 14. Nxd4 a6 15. Nc4 dxe5 16. Bxe5 Qc5 17. Bg3 Ng6 18. Ne5 Bf6 19. Nxf7 Kxf7 20. Nxe6 Qe7 21. Nxd8+ Rxd8 22. Qf3 Qc5 23. Rac1 b5 24. Rd3 Nge7 25. Rcd1 Kg8 26. h3 h6 27. b3 Kh7 28. Qe4+ g6 29. c4 Nc3 30. Qf3 Rf8 31. Rxc3 Nf5 32. Rcd3 Nxg3 33. Qxg3 Be5 34. Qe3 Qxe3 35. Rxe3 Bf4 36. Re7+ Kg8 37. Rdd7 1-0

[Event "Las Americas Team op U2400 Hybrid 2nd"]
[Site "Internet"]
[Date "2022.06.25"]
[Round "5.2"]
[White "Parsons, Justin"]
[Black "Lopez Flores, Rommel Jesus"]
[Result "1-0"]
[WhiteElo "1749"]
[BlackElo "1756"]
[PlyCount "49"]
[EventDate "2022.06.25"]
[EventType "team-tourn"]
[EventRounds "5"]
[EventCountry "VEN"]
[SourceTitle "EXT 2024"]
[Source "ChessBase"]
[SourceDate "2023.10.10"]
[SourceVersion "1"]
[SourceVersionDate "2023.10.10"]
[SourceQuality "1"]
[WhiteTeam "Barbados"]
[BlackTeam "Miranda Candidatos a la Elite"]
[WhiteTeamCountry "BAR"]
[BlackTeamCountry "VEN"]

1. d4 Nf6 2. Nf3 e6 3. g3 d5 4. Bg2 Bd6 5. 0-0 h6 6. c3 Nbd7 7. Nbd2 Ne4 8. Nxe4 dxe4 9. Nd2 f5 10. Nc4 g5 11. Nxd6+ cxd6 12. f3 d5 13. c4 h5 14. cxd5 exd5 15. fxe4 fxe4 16. Rf5 Nf6 17. Re5+ Kf7 18. Bxg5 Be6 19. Qb3 Kg6 20. Bxe4+ dxe4 21. Qxe6 Qxd4+ 22. e3 Qb6 23. Qf5+ Kf7 24. Rf1 Rae8 25. Bxf6 1-0

[Event "Las Americas Team op U2400 Hybrid 2nd"]
[Site "Internet"]
[Date "2022.06.25"]
[Round "1.3"]
[White "Seine, Rose Berline"]
[Black "Parsons, Justin"]
[Result "0-1"]
[WhiteElo "1679"]
[BlackElo "1749"]
[PlyCount "94"]
[EventDate "2022.06.25"]
[EventType "team-tourn"]
[EventRounds "5"]
[EventCountry "VEN"]
[SourceTitle "EXT 2024"]
[Source "ChessBase"]
[SourceDate "2023.10.10"]
[SourceVersion "1"]
[SourceVersionDate "2023.10.10"]
[SourceQuality "1"]
[WhiteTeam "Haiti"]
[BlackTeam "Barbados"]
[WhiteTeamCountry "HAI"]
[BlackTeamCountry "BAR"]

1. e4 c5 2. Nc3 Nc6 3. g3 g6 4. Bg2 Bg7 5. d3 d6 6. f4 e6 7. Nf3 Nge7 8. 0-0 a6 9. Rb1 b5 10. Be3 Bb7 11. h3 0-0 12. Qd2 d5 13. exd5 exd5 14. Bxc5 Re8 15. Bf2 Nf5 16. Ne2 Qc7 17. g4 Nd6 18. a3 Rac8 19. d4 Ne4 20. Qd3 Na5 21. c3 Nc4 22. Rfd1 Re7 23. Ne5 f6 24. Nxc4 bxc4 25. Qf3 Rce8 26. Be1 Ba8 27. Ng3 Bh6 28. f5 Ng5 29. Qf1 Kg7 30. Bf2 Ne4 31. Nxe4 dxe4 32. fxg6 hxg6 33. Qe1 e3 34. Bg3 Bf4 35. Bxf4 Qxf4 36. Bxa8 Rxa8 37. Qe2 Rh8 38. Qh2 Qe4 39. Qg2 e2 40. Re1 Qe3+ 41. Kh2 Qd3 42. Qg3 g5 43. Qxd3 cxd3 44. Kg2 d2 45. Rbd1 exd1Q 46. Rxd1 Re2+ 47. Kf3 Rhe8 0-1

[Event "Caribbean Carnival U20"]
[Site "Port of Spain"]
[Date "2015.08.12"]
[Round "7.6"]
[White "Parsons, Justin"]
[Black "Ramdath, Simon"]
[Result "1-0"]
[WhiteElo "1472"]
[BlackElo "1708"]
[PlyCount "62"]
[EventDate "2015.08.09"]
[EventType "swiss"]
[EventRounds "7"]
[EventCountry "TRI"]
[SourceTitle "EXT 2024"]
[Source "ChessBase"]
[SourceDate "2023.10.10"]
[SourceVersion "1"]
[SourceVersionDate "2023.10.10"]
[SourceQuality "1"]

1. d4 d5 2. Nf3 Nf6 3. c4 c6 4. cxd5 cxd5 5. Bf4 Nc6 6. e3 Qb6 7. Qc2 Bf5 8. Qc1 Rc8 9. Nc3 a6 10. Nh4 Bd7 11. a3 Na5 12. Qd1 Qxb2 13. Ne2 e6 14. g3 Ne4 15. Nf3 Nc3 16. Nxc3 Qxc3+ 17. Nd2 Nb3 18. Rb1 Nxd2 19. Qxd2 Qxa3 20. Rxb7 Rc1+ 21. Ke2 Bb5+ 22. Kf3 Rxf1 23. Rb8+ Kd7 24. Rxf1 Bxf1 25. Qc2 Bc4 26. Qb1 Bb5 27. Qc2 Bc6 28. Qb1 f6 29. Qb6 Ke7 30. Qxc6 Kf7 31. Qe8+ Kg8 1-0